Disciplines of a godly family / (Record no. 8842)

MARC details
000 -LEADER
fixed length control field 01669cam a22003258i 4500
001 - CONTROL NUMBER
control field 53144625
003 - CONTROL NUMBER IDENTIFIER
control field OCoLC
005 - DATE AND TIME OF LATEST TRANSACTION
control field 20241126110659.0
008 - FIXED-LENGTH DATA ELEMENTS--GENERAL INFORMATION
fixed length control field 030926s2004 ilu 000 0 eng
010 ## -
-- 2003021407
020 ## - INTERNATIONAL STANDARD BOOK NUMBER
International Standard Book Number 1581345321 (alk. paper)
040 ## - CATALOGING SOURCE
Original cataloging agency DLC
Language of cataloging eng
Description conventions rda
Transcribing agency DLC
042 ## -
-- pcc
050 00 -
-- BV4647.D58
-- H84 2004
082 00 - DEWEY DECIMAL CLASSIFICATION NUMBER
Classification number 248.4
Edition information 22
Item number HUG
092 ## - LOCALLY ASSIGNED DEWEY CALL NUMBER (OCLC)
Classification number 248.4
Item number H87d, 2004
100 1# - MAIN ENTRY--PERSONAL NAME
Personal name Hughes, R. Kent,
Dates associated with a name 1942-
Authority record control number or standard number http://id.loc.gov/authorities/names/n84005188
9 (RLIN) 917
245 10 - TITLE STATEMENT
Title Disciplines of a godly family /
Statement of responsibility, etc. Kent and Barbara Hughes.
260 ## - PUBLICATION, DISTRIBUTION, ETC.
Place of publication, distribution, etc. Secunderabad:
Name of publisher, distributor, etc. Good Shepherds book,
Date of publication, distribution, etc. 2019
300 ## - PHYSICAL DESCRIPTION
Extent 256 pages :
Other physical details illustrations ;
Dimensions 24 cm
336 ## - CONTENT TYPE
Content type term text
Content type code txt
Source rdacontent
337 ## - MEDIA TYPE
Media type term unmediated
Media type code n
Source rdamedia
338 ## - CARRIER TYPE
Carrier type term volume
Carrier type code nc
Source rdacarrier
504 ## - BIBLIOGRAPHY, ETC. NOTE
Bibliography, etc. note Includes bibliographical references (p. [247]-249] and index.
505 0# - FORMATTED CONTENTS NOTE
Formatted contents note The discipline of establishing a heritage -- The discipline of promoting family affection -- The discipline of starting family traditions -- The discipline of cultivating the soul -- The discipline of praying with dedication -- The discipline of pursuing family ministry -- The discipline of instilling healthy self-regard -- Using appropriate discipline -- The discipline of teaching good manners -- The discipline of fostering lifelong enrichments.
650 #0 - SUBJECT ADDED ENTRY--TOPICAL TERM
Topical term or geographic name entry element Discipline
General subdivision Religious aspects
-- Christianity.
Authority record control number or standard number http://id.loc.gov/authorities/subjects/sh2009123471
9 (RLIN) 14399
650 #0 - SUBJECT ADDED ENTRY--TOPICAL TERM
Topical term or geographic name entry element Families
General subdivision Religious life.
Authority record control number or standard number http://id.loc.gov/authorities/subjects/sh85047019
9 (RLIN) 1360
700 1# - ADDED ENTRY--PERSONAL NAME
Personal name Hughes, Barbara.
Authority record control number or standard number http://id.loc.gov/authorities/names/n85274106
9 (RLIN) 14398
942 ## - ADDED ENTRY ELEMENTS (KOHA)
Source of classification or shelving scheme Dewey Decimal Classification
Koha item type Books
Holdings
Withdrawn status Lost status Source of classification or shelving scheme Damaged status Not for loan Home library Current Library Shelving location Date acquired Total checkouts Full call number Barcode Date last seen Copy number Price effective from Koha item type
    Dewey Decimal Classification     GRACE BIBLE COLLEGE GRACE BIBLE COLLEGE Ministry & Mission 2021-11-17   248.4 HUG 015327 2025-05-01 c.1 2021-11-17 Books
© Grace Bible College Library 2025